Văn kiện Đảng toàn tập; T21

Spremljeno u:
Bibliografski detalji
Glavni autor: Đảng Cộng Sản Việt Nam
Format: Knjiga
Jezik:Undetermined
Izdano: H. CTQG 2002
Teme:
Oznake: Dodaj oznaku
Bez oznaka, Budi prvi tko označuje ovaj zapis!
Thư viện lưu trữ: Trung tâm Học liệu Trường Đại học Cần Thơ
LEADER 00541nam a2200193Ia 4500
001 CTU_53804
008 210402s9999 xx 000 0 und d
020 |b 47000 
082 |a 324.597075 
082 |b Đ106/T21 
100 |a Đảng Cộng Sản Việt Nam 
245 0 |a Văn kiện Đảng toàn tập; T21 
245 0 |c Đảng Cộng Sản Việt Nam 
260 |a H. 
260 |b CTQG 
260 |c 2002 
650 |a communist parties 
650 |z vietnam 
980 |a Trung tâm Học liệu Trường Đại học Cần Thơ